000 00417nab a2200145Ia 4500
003 ES-SlBCS
005 20210601124312.0
008 140529s1983 xxu||||| |||| 00| 0 eng d
041 _aeng
100 1 _aBroudy, Harry S.
_9139431
245 0 4 _aThe Ontology of Mention
_c Harry S. Broudy
650 0 4 _aOntología
_985850
773 0 _tEducational Theory
_gvol. 33, nº. 3-4, 1983, págs. 197-198
_wRev1399
942 _cAR
999 _c512597
_d512597